000
00297nam a2200121Ia 4500
008
190216s9999||||xx |||||||||||||| ||und||
100
_a
Muthukulam Gangadharan Pillai
245
0
_a
Employment Exchange
260
_b
National Book Stall
_c
1971
300
_a
77p
650
_a
Kavithkal
942
_c
BK
999
_c
24922
_d
24922